| Tag |
First Indicator |
Second Indicator |
Subfields |
| LEADER |
00000cas a2200000 a 4500 |
| 001 |
in00002785007 |
| 005 |
20191021074437.0 |
| 006 |
m o d |
| 007 |
cr bn||||||abp |
| 007 |
cr bn||||||ada |
| 008 |
070228d19752018nbufx poo 0 b0eng |
| 010 |
|
|
|a 2013200820
|
| 022 |
0 |
|
|a 2327-963X
|l 0277-4356
|2 1
|
| 029 |
1 |
|
|a AU@
|b 000051312201
|
| 029 |
1 |
|
|a NZ1
|b 14325431
|
| 029 |
1 |
|
|a NZ1
|b 14558413
|
| 029 |
1 |
|
|a NZ1
|b 16234826
|
| 029 |
1 |
|
|a NZ1
|b 16253595
|
| 029 |
1 |
|
|a OCLCS
|b OP-47315
|
| 029 |
1 |
|
|a AU@
|b 000050728902
|
| 035 |
|
|
|a (OCoLC)ocn608377942
|
| 035 |
|
|
|a (OCoLC)608377942
|
| 040 |
|
|
|a OCLCE
|b eng
|e pn
|c OCLCE
|d EYM
|d OCLCQ
|d DLC
|d OCLCF
|d OCLCS
|d HUL
|d OCLCQ
|d VT2
|d Z5A
|d U3W
|d CUS
|d UtOrBLW
|
| 041 |
0 |
|
|a eng
|a spa
|
| 042 |
|
|
|a dlr
|a pcc
|a nsdp
|
| 043 |
|
|
|a e-sp---
|a cl-----
|
| 049 |
|
|
|a TXAM
|
| 050 |
|
4 |
|a PQ6055
|b .L48 Electronic
|
| 082 |
0 |
0 |
|a 860/.8/09287
|2 23
|
| 222 |
|
0 |
|a Letras femeninas
|b (Online)
|
| 245 |
0 |
0 |
|a Letras femeninas.
|
| 264 |
|
1 |
|a Boulder, Colo. :
|b Asociación de Literatura Femenina Hispánica,
|c 1975-
|
| 300 |
|
|
|a 1 online resource
|
| 310 |
|
|
|a Two no. a year
|
| 336 |
|
|
|a text
|b txt
|2 rdacontent
|
| 337 |
|
|
|a computer
|b c
|2 rdamedia
|
| 338 |
|
|
|a online resource
|b cr
|2 rdacarrier
|
| 362 |
1 |
|
|a Began with: V. 1, no. 1 (spring 1975); ceased with: V. 43, no. 2 (2018).
|
| 500 |
|
|
|a Imprint varies: Volume 3- published in Beaumont, Tex. ; <volume 19-> in Lincoln, Neb.
|
| 506 |
|
|
|3 Use copy
|f Restrictions unspecified
|2 star
|5 MiAaHDL
|
| 515 |
|
|
|a Issue for 1994 called: Número extraordinario conmemorativo: 1974-1994.
|
| 533 |
|
|
|a Electronic reproduction.
|b [S.l.] :
|c HathiTrust Digital Library,
|d 2010.
|5 MiAaHDL
|
| 546 |
|
|
|a English and Spanish.
|
| 583 |
1 |
|
|a digitized
|c 2010
|h HathiTrust Digital Library
|l committed to preserve
|2 pda
|5 MiAaHDL
|
| 588 |
|
|
|a Description based on: Vol. 1, no. 1 (spring, 1975); title from PDF cover (JSTOR, viewed June 15, 2012).
|
| 588 |
|
|
|a Latest issue consulted: Vol. 43, no. 2 (2018) (Journals@UIC website, viewed Apr. 18, 2019).
|
| 500 |
|
|
|a Electronic resource.
|
| 650 |
|
0 |
|a Spanish literature
|x Women authors
|v Periodicals.
|
| 650 |
|
0 |
|a Spanish American literature
|x Women authors
|v Periodicals.
|
| 650 |
|
7 |
|a Spanish American literature
|x Women authors.
|2 fast
|0 (OCoLC)fst01128215
|
| 650 |
|
7 |
|a Spanish literature
|x Women authors.
|2 fast
|0 (OCoLC)fst01128618
|
| 650 |
1 |
7 |
|a Letterkunde.
|2 gtt
|
| 650 |
1 |
7 |
|a Vrouwelijke auteurs.
|2 gtt
|
| 650 |
1 |
7 |
|a Spaans.
|2 gtt
|
| 655 |
|
7 |
|a Periodicals.
|2 fast
|0 (OCoLC)fst01411641
|
| 655 |
|
0 |
|a Electronic journals.
|
| 710 |
2 |
|
|a Asociación de Literatura Femenina Hispánica,
|e issuing body.
|0 http://id.loc.gov/authorities/names/n81073937
|
| 710 |
2 |
|
|a Asociación Internacional de Literatura Femenina Hispánica,
|e issuing body.
|0 http://id.loc.gov/authorities/names/no2012056010
|
| 710 |
2 |
|
|a Asociación Internacional de Literatura y Cultura Femenina Hispánica,
|e issuing body.
|0 http://id.loc.gov/authorities/names/nb2008002806
|
| 776 |
0 |
8 |
|i Print version:
|t Letras femeninas
|x 0277-4356
|w (DLC) 81642380
|w (OCoLC)3816008
|
| 785 |
0 |
0 |
|t Revista de estudios de género y sexualidades
|x 2637-997X
|w (DLC) 2018202863
|w (OCoLC)1047730093
|
| 949 |
|
|
|a updated
|b h
|c 2019/8/16
|e spoltoratski
|f 1:12:58 pm
|
| 994 |
|
|
|a C0
|b TXA
|
| 999 |
f |
f |
|s 65d555a8-4122-342a-86d9-3e864d9077a4
|i 0cd1db89-841a-3a11-a15d-182b925501ed
|t 0
|
| 952 |
f |
f |
|a Texas A&M University
|b College Station
|c Electronic Resources
|d Available Online
|t 0
|e PQ6055 .L48
|g Electronic
|h Library of Congress classification
|
| 998 |
f |
f |
|a PQ6055 .L48
|t 0
|l Available Online
|